000 00820nam a2200253 a 4500
005 20210223132425.0
008 140821s2010 mx r 000 0 spa d
020 _a9786074696011 (SEP)
020 _a9786079552701 (Promociones Don D'Escrito)
035 _aUPN01000199004
049 _aI
050 4 _aGB611
_bD4.2
100 1 _aDelano, Marfé Ferguson
_936107
245 1 0 _aDesierto /
_cMarfé Ferguson Delano ; tr. María Teresa Sanz Falcón.
260 _aMéxico :
_bSEP :
_bPromociones Don D'Escrito,
_c2010.
300 _a59 p. :
_bil. col.
440 0 _aLibros del rincón.
_pPasos de luna
534 _pTraducción de:
_tDesert
650 4 _aDESIERTOS -
_vLITERATURA INFANTIL
_921317
650 4 _aFAUNA DESERTICA
_912467
650 4 _aFLORA DESERTICA
_912469
905 _aInfantil
999 _c171105
_d171105